000 01108nam a22003137a 4500
003 EG-ScBUE
005 20220512111523.0
008 140506t2013 enka f 000 0 eng d
020 _a9781111832285
020 _a1111832285
040 _aEG-ScBUE
_beng
_erda
_cEG-ScBUE
_dEG-ScBUE
082 0 4 _222
_a428.0071
_bCHA
100 1 _aChase, Becky Tarver,
_eauthor.
_935966
245 1 0 _aPathways 1 :
_blistening, speaking, and critical thinking,
_pTeacher's guide /
_cBecky Tarver Chase.
246 3 0 _aTeacher's guide
264 1 _aBoston, MA :
_bNational Geographic Learning,
_c[2013]
264 4 _cc2013
300 _axii, 132 pages :
_billustrations ;
_c28 cm
336 _2rdacontent
_atext
_btxt
337 _2rdamedia
_aunmediated
_bn
338 _2rdacarrier
_avolume
_bnc
650 7 _aEnglish language
_xStudy and teaching
_xForeign speakers.
_2BUEsh
650 7 _aEnglish language
_vTextbooks for foreign speakers.
_2BUEsh
651 _2BUEsh
653 _cMay2014
_bHHUUEENN
655 _vReading book
_934232
710 2 _935969
_aNational Geographic Learning (Firm)
942 _2ddc
_cBB
_k428.0071 CHA
999 _c18256
_d18228